Alexander's veterans and the early wars of the successors (Record no. 246906)
[ view plain ]
| 000 -LEADER | |
|---|---|
| fixed length control field | 02524nam a2200469 a 4500 |
| 082 04 - DEWEY DECIMAL CLASSIFICATION NUMBER | |
| Classification number | 938/.08 |
| 100 1# - MAIN ENTRY--AUTHOR NAME | |
| Personal name | Roisman, Joseph, |
| 245 10 - TITLE STATEMENT | |
| Title | Alexander's veterans and the early wars of the successors |
| 250 ## - EDITION STATEMENT | |
| Edition statement | 1st ed. |
| 260 ## - PUBLICATION, DISTRIBUTION, ETC. (IMPRINT) | |
| Place of publication | Austin : |
| Name of publisher | University of Texas Press, |
| Year of publication | 2012. |
| 300 ## - PHYSICAL DESCRIPTION | |
| Number of Pages | xiv, 264 p. |
| 490 1# - SERIES STATEMENT | |
| Series statement | Fordyce W. Mitchel Memorial Lecture Series |
| 505 0# - FORMATTED CONTENTS NOTE | |
| Formatted contents note | Map of Alexander's Campaigns -- Motives and Bias in the History of Hieronymus of Cardia -- Alexander and Discontent : The King and His Army in India and Opis, Mesopotamia -- The Veterans and the Macedonian Internal Strife in Babylon (323) -- The Dissolution of the Royal Army, I : The Veterans of Perdiccas and Craterus -- The Dissolution of the Royal Army, II : The Veterans of Eumenes, Neoptolemus and Alcetas, and the Meeting in Triparadeisus -- The Veterans, Eumenes, and Antigonus in Asia Minor -- Eumenes and the Silver Shields -- The Silver Shields in Battle and Eumenes' Death. |
| 650 #0 - SUBJECT ADDED ENTRY--TOPICAL TERM | |
| Topical Term | Veterans |
| Topical Term | Generals |
| 856 40 - ELECTRONIC LOCATION AND ACCESS | |
| Uniform Resource Identifier | http://site.ebrary.com/lib/rucke/Doc?id=10541110 |
No items available.
